000 00791nam a2200217Ia 4500
005 20250108125141.0
008 008 250107s9999 xx 000 0 pun d
037 _aTB
040 _aCRL
_bpun
_cCRL
041 _apun
_2pun
084 _aT4.281e4,N61 R3
084 _qCRL
100 _aਕੋਮਲ, ਅਮਰ, ਥਦ।
245 0 _aਪੰਡਿਤ ਮਨੀ ਰਾਮ ਰਚਨਾਵਲੀ: ਸਮੀਖਿਆ ਤੇ ਪਾਠ
_cਕੋਮਲ, ਅਮਰ, ਥਦ।
260 _aਪਟਿਆਲਾ, ਭਾਰਤ
_bਸੰਗਮ ਪਲੀਕੇਸ਼ਨ
_c3471
300 _a132ਪ੍ਰ0
365 _aINR
_b2500
650 _aਪੰਜਾਬੀ ਸਾਹਿਤਪੰਜਾਬੀ ਕਾਵਿ
_9730480
942 _cTB
_hT4.281e4,N61 R3
999 _c1235859
_d1235859